Návrh modifikácie etického programu v Kappa Štúrovo, a.s. : Diplomová práca

Saved in:
Bibliographic Details
Main Author: Zalabová, Silvia (Author)
Other Authors: Sakál, Peter, 1951- (xxx)
Format: Manuscript Book
Language:Slovak
Published: Trnava : STU v Bratislave MtF KPIM, 2003
Subjects:
Tags: Add Tag
No Tags, Be the first to tag this record!

MARC

LEADER 00000ntm a22000003a 4500
001 stu84384
005 20160719154758.2
008 040227s2003----xo------------------slo-d
040 |a STU  |b slo 
041 0 |a slo 
044 |a xo 
100 1 |a Zalabová, Silvia  |4 aut 
245 1 |a Návrh modifikácie etického programu v Kappa Štúrovo, a.s. :  |b Diplomová práca 
260 |a Trnava :  |b STU v Bratislave MtF KPIM,  |c 2003 
300 |a 65 s  |c príl 
650 7 |a priemyselné inžinierstvo a manažment  |2 stusub 
700 1 |a Sakál, Peter,  |d 1951-  |4 xxx  |u M4000  |U MTF Materiálovotechnologická fakulta  |T MTF Ústav priemyselného inžinierstva a manažmentu  |X 325  |U M4000  |Y 84  |7 A000000325 
996 |b 284M037607  |c M*DP-4607  |l MMSKP  |s P  |a 0  |w stu84384_0001